Kinetic characteristics of the luminescence of industrial yag phosphors; Energy Fluxes and Radiation Effects (EFRE-2016)

Dades bibliogràfiques
Parent link:Energy Fluxes and Radiation Effects (EFRE-2016).— 2016.— [P. 371]
Altres autors: Stepanov S. A. Sergey Aleksandrovich, Vaganov V. A. Vitalii Andreevich, Tulegenova А. Aida, Lisitsyn V. M. Viktor Mikhailovich
Sumari:Title screen
Idioma:anglès
Publicat: 2016
Matèries:
Accés en línia:http://earchive.tpu.ru/handle/11683/35870
Format: MixedMaterials Electrònic Capítol de llibre
KOHA link:https://koha.lib.tpu.ru/cgi-bin/koha/opac-detail.pl?biblionumber=621412

MARC

LEADER 00000naa2a2200000 4500
001 621412
005 20251117145032.0
035 |a (RuTPU)RU\TPU\conf\19993 
035 |a RU\TPU\conf\19992 
090 |a 621412 
100 |a 20161220d2016 k||y0rusy50 ba 
101 0 |a eng 
102 |a RU 
135 |a drgn ---uucaa 
181 0 |a i  
182 0 |a b 
200 1 |a Kinetic characteristics of the luminescence of industrial yag phosphors  |f S. A. Stepanov [et al.] 
203 |a Текст  |c электронный 
300 |a Title screen 
463 0 |0 (RuTPU)RU\TPU\conf\19513  |t Energy Fluxes and Radiation Effects (EFRE-2016)  |o International Congress, October 2–7, 2016, Tomsk, Russia  |o abstracts  |f National Research Tomsk Polytechnic University (TPU) ; eds. B. M. Kovalchuk [et al.]  |v [P. 371]  |d 2016 
610 1 |a труды учёных ТПУ 
610 1 |a электронный ресурс 
610 1 |a кинетические характеристики 
610 1 |a люминесценция 
610 1 |a люминофоры 
610 1 |a иттрий-алюминиевый гранат 
610 1 |a phosphor 
610 1 |a yttrium aluminum garnet 
610 1 |a kinetic characteristics 
701 1 |a Stepanov  |b S. A.  |c specialist in the field of lightning engineering  |c Engineer of Tomsk Polytechnic University  |f 1986-  |g Sergey Aleksandrovich  |3 (RuTPU)RU\TPU\pers\33771  |9 17369 
701 1 |a Vaganov  |b V. A.  |c Specialist in the field of lightning engineering  |c research engineer of Tomsk Polytechnic University  |f 1991-  |g Vitalii Andreevich  |3 (RuTPU)RU\TPU\pers\37525  |9 20394 
701 1 |a Tulegenova  |b А.  |g Aida 
701 1 |a Lisitsyn  |b V. M.  |c physicist  |c Russian physicist  |c Professor of Tomsk Polytechnic University, Candidate of physical and mathematical sciences  |f 1939-  |g Viktor Mikhailovich  |3 (RuTPU)RU\TPU\pers\28330  |9 13239 
801 2 |a RU  |b 63413507  |c 20161230  |g RCR 
856 4 |u http://earchive.tpu.ru/handle/11683/35870 
942 |c CF